Geometría elemental
Descripción Física:
57 p. : il. ; 22 cm
Otros Autores:
Servicio de Extensión de Enseñanzas Técnicas
Materias:
Geometria
MARC
| LEADER | 00000nam a2200000Ia 4500 | ||
|---|---|---|---|
| 001 | 8660 | ||
| 008 | 160829s1940 xx 000 0 cat d | ||
| 080 | |a C-1-431 | ||
| 245 | |a Geometría elemental | ||
| 260 | |a Barcelona : |b Diputación Provincial. Servicio de Extensión de Enseñanzas Técnicas, |c 1940 | ||
| 300 | |a 57 p. : |b il. ; |c 22 cm | ||
| 650 | |a Geometria |9 23877 | ||
| 700 | |a Servicio de Extensión de Enseñanzas Técnicas |9 22818 | ||
| 710 | 1 | |a Barcelona (Catalunya : Província). |b Diputació |9 52408 | |
| 901 | |a Arxiu | ||
| 942 | |n 1 | ||
| 952 | |0 0 |1 0 |4 0 |6 C1431 |7 1 |9 47914 |a Arxiu |b Arxiu |d 2016-12-01 |l 0 |o C-1-431 |p 8660 |r 2016-12-01 00:00:00 |w 2016-12-01 |y ARXIU | ||
| 999 | |c 51714 |d 51714 | ||